| 000 | 00411nam a22001217a 4500 | ||
|---|---|---|---|
| 005 | 20260629115412.0 | ||
| 100 |
_aHira Ashraf _a21-MSIT-22 _aSupervisor - Dr. Asghar Ali Chandio _91021 |
||
| 245 | _aAnalyzing The Academic Performance of Students by Using Machine Learning (Thesis MS) | ||
| 260 |
_aNawabshah _bQUEST _c2024 |
||
| 300 | _a82p. | ||
| 700 |
_aDepartment of Information Technology _9954 |
||
| 942 | _cTHESIS | ||
| 999 |
_c69079 _d69076 |
||